|
|
|
|
| LEADER |
00000nab a2200000 ar4500 |
| 001 |
vtls011624198 |
| 003 |
SK-MaSNL |
| 005 |
20260426071243.0 |
| 008 |
170419c20170419xo dr|p|||||||000 b|slo |
| 038 |
|
|
|a PPPK
|
| 040 |
|
|
|a PPPKCL
|b slo
|c PPPKCL
|e AACR2
|
| 041 |
0 |
|
|a slo
|
| 044 |
|
|
|a xo
|c SK
|
| 080 |
|
|
|a 796.966.093.1
|2 2011
|
| 245 |
0 |
0 |
|a Mladí hokejisti si vybojovali postup do štrťfinále
|c [text a foto] (ms, tasr)
|
| 300 |
|
|
|b Fotogr.
|
| 610 |
2 |
7 |
|a Zimný štadión mesta (Poprad, Slovensko)
|2 pppkcl
|9 1086254
|
| 611 |
2 |
7 |
|a Majstrovstvá sveta v ľadovom hokeji hráčov do 18 rokov
|d (2017 :
|c Poprad a Spišská Nová ves, Slovensko)
|2 pppkcl
|9 1088092
|
| 648 |
|
7 |
|a 13.-23.4.2017
|2 pppkcl
|9 1088093
|
| 650 |
0 |
7 |
|a ľadový hokej
|2 pppkcl
|9 3231
|
| 650 |
0 |
7 |
|a športové súťaže
|2 pppkcl
|9 1047
|
| 651 |
|
7 |
|a Poprad (Slovensko)
|2 pppkcl
|9 20155
|
| 651 |
|
7 |
|a Spišská Nová Ves (Slovensko)
|2 pppkcl
|9 28800
|
| 651 |
|
7 |
|a Slovensko
|2 pppkcl
|9 14231
|
| 651 |
|
7 |
|a Lotyšsko
|2 pppkcl
|9 25164
|
| 773 |
0 |
|
|t Sme : denník
|g Roč. 25, č. 90 (19.4.2017), s. 24
|x 1335-440X
|
| 852 |
|
|
|a PPPK
|b KIS3GCP
|
| 999 |
|
|
|c 2676680
|d 2678610
|